000 00748nas a2200253 4500
001 BR0102856
003 BR-BrBNA
005 20231205102304.0
007 ta
008 230509b bl.|||p| |||| 00| 00por d
040 _aBR-BrBNA
_bpor
_cBiblioteca Nacional de Agricultura
041 _a(Pt)
072 _aF30
100 1 _aChoer, E.
245 1 _aAvaliacao morfologica de acessos de Cucurbita spp
650 _aAbobora
650 _aMorfologia Vegetal
650 _aVariedade
650 _aCaracteristicas Agronomicas
650 _aBanco de Germoplasma
773 0 _tAgropecuaria Clima Temperado (Brazil)
_xISSN 1415-6822
_g(Dec 1999), v. 2(2) p. 151-158
_wBR0102856
909 _a202311
_bLúcia
_c55
_dLúcia Elande
942 _2AGRIS
_n0
_cANA
999 _c166796
_d166796